000 00501nam a22002177a 4500
003 UA-OsUOA
001 51945
007 ta
008 20080128b un ||||| |||| 00| 0 ukr d
100 _aКурган Юрій
090 _a32
_bК-93
942 _cSA
040 _aUA-OsUOA
_bukr
_cUA-OsUOA
_dUA-OsUOA
245 _aСправа Рудьковського живе?
300 _aС.5
955 _a0
041 _aukr
080 _a32
773 0 _w51935
650 7 _a32 Політика
_2UDC
999 _c338035
_d338035